Geboren in Breitenbrunn (Erzgebirge) - Statistiken

Allgemein
  • Dieses Quiz wurde 6 mal gespielt
  • Das Durchschnittsergebnis liegt bei 3 aus 7
Antwortstatistiken
Hinweis Antwort % Korrekt
ehemaliger Skispringer, vierfacher Gewinner der Vierschanzentournee und Gewinner von drei olympischen Goldmedaillen 1964 Jens Weißflog
83%
ehemaliger Skispringer, olympischer Silbermedaillengewinner mit der Mannschaft und Zweiter im Gesamtweltcup 2017/18 1991 Richard Freitag
67%
Skispringerin, WM-Silbergewinnerin im Einzelspringen und WM-Goldgewinnerin im Teamspringen 2001 Selina Freitag
67%
ehemaliger Skispringer und erster Springer der die Vierschanzentournee mit Siegen in allen vier Wettbewerben gewann 1974 Sven Hannawald
67%
ehemaliger DDR-Biathlet und einer der erfolgreichsten Biathleten der 1980er 1964 André Sehmisch
0%
ehemaliger Nordischer Kombinierer und Gewinner von vier olympischen und zwölf WM-Medaillen 1983 Björn Kircheisen
0%
ehemaliger DDR-Rennrodler und Olympiasieger im Einsitzer 1976 1954 Dettlef Günther
0%
Keine übereinstimmenden Quizze gefunden
Verteilung der Resultate
Anzahl Personen mit jedem Resultat
Perzentil nach korrekt beantworteten Fragen
Ihre Resultats-Entwicklung
Sie haben dieses Quiz noch nicht gespielt